000 01543nam a2200265Ia 4500
999 _c56412
_d56412
001 23525
003 GE_BSU
005 20260217162428.0
008 181216s1955||||ge |||||||||||||| ||geo||
040 _cGE_BSU
041 _ageo
080 _a94(479.22)(093) + 929.731(479.22) ქ-27
245 _aქართლის ცხოვრება. ტ. 1 :
_bტექსტი დადგენილი ყველა ძირითადი ხელნაწერის მიხედვით ს. ყაუხჩიშვილის მიერ /
_cრედ. : ს. ყაუხჩიშვილი ; მხატვ. : გ. ნადირაძე.
264 _aთბილისი :
_bსახელგამი,
_c1955.
300 _a464 გვ. ;
_c26 სმ.
500 _aდანართი: საკუთარ სახელთა საძიებელი და ლექსიკონი, გვ. 389-461
504 _aბიბლიოგრ. შესავალის შენიშვნებში
520 _aპარალ. სათ. რუს. ენ.
541 _h20 ლ.
653 _aქართლის ცხოვრება"; საქართველოს ისტორიის წყაროები
653 _aქართლის ცხოვრება. ტ. 1
700 _aყაუხჩიშვილი, ს.
_eრედაქტორი
_926905
700 _aნადირაძე, გ.
_eმხატვარი
_926906
942 _cBK
_2udc